Gaming Quiz

Random Gaming or Pokémon Quiz

Map of Hoenn (Gen III) Quiz Stats

 Plays Quiz not verified by Sporcle

Challenge
Share
Tweet
Score 0/21 Timer 06:00
0 Plays Today
% Correct
Slateport City
83%
Mauville City
83%
Lilycove City
81.6%
Sootopolis City
79.9%
Evergrande City
79.2%
Mossdeep City
78.8%
Rustboro City
78.1%
Dewford Town
77.7%
Fortree City
77.7%
Petalburg City
77%
Lavaridge Town
76.3%
% Correct
Littleroot Town
76%
Mt. Pyre
73.2%
Pacifidlog Town
72.8%
Verdanturf Town
70.3%
Oldale Town
67.8%
Meteor Falls
66%
Fallarbor Town
65%
Mt. Chimney
64.5%
Rusturf Tunnel
57.7%
Granite Cave
50.9%

You're not logged in!

Compare scores with friends on all Sporcle quizzes.
OR
Log In

You Might Also Like...

Show Comments

Extras

Top Quizzes Today


Score Distribution

Your Account Isn't Verified!

In order to create a playlist on Sporcle, you need to verify the email address you used during registration. Go to your Sporcle Settings to finish the process.

Report this User

Report this user for behavior that violates our Community Guidelines.

Details: